Ostwald tanár budapesti előadásai
Elmentve itt :
| Szerző: | |
|---|---|
| Adatforrás: | Philobibl |
| Forrásdokumentuma: | Nyugat 1912., 895-896.p. p. |
| Dokumentumtípus: | Cikk |
| Nyelv: | magyar |
| LEADER | 00280nab a2200097 c 4500 | ||
|---|---|---|---|
| 001 | bibDOK00022368 | ||
| 005 | 20200924121637.5 | ||
| 008 | 060518s1912 xx hun | ||
| 100 | 1 | |a Fekete Miklós | |
| 245 | 1 | 0 | |a Ostwald tanár budapesti előadásai |c Fekete Miklós |
| 773 | 0 | |t Nyugat |g 1912., 895-896.p. p. | |